जिन्दगी का मुकदमा / (Record no. 45980)
[ view plain ]
| 000 -LEADER | |
|---|---|
| fixed length control field | 01105nam a22002537a 4500 |
| 005 - DATE AND TIME OF LATEST TRANSACTION | |
| control field | 20100915122746.0 |
| 008 - FIXED-LENGTH DATA ELEMENTS--GENERAL INFORMATION | |
| fixed length control field | 100915t xxu||||| |||| 00| 0 hin d |
| 010 ## - LCCN (DPL NO) | |
| LC control number | HIN-90483 |
| 020 ## - INTERNATIONAL STANDARD BOOK NUMBER | |
| International Standard Book Number | 818960015x |
| Terms of availability | 150.00 |
| 035 ## - SYSTEM CONTROL NUMBER | |
| System control number | HN-62829 |
| 037 ## - SOURCE OF ACQUISITION | |
| Source of stock number/acquisition | DBAD / PUB |
| 040 ## - CATALOGING SOURCE | |
| Original cataloging agency | DPL |
| Language of cataloging | HN |
| 082 ## - DEWEY DECIMAL CLASSIFICATION NUMBER | |
| Classification number | 821.08 |
| 100 ## - MAIN ENTRY--PERSONAL NAME | |
| Personal name | श्रीवास्तव, स्वप्निल |
| 9 (RLIN) | 20178 |
| 245 ## - TITLE STATEMENT | |
| Title | जिन्दगी का मुकदमा / |
| Statement of responsibility, etc | स्वप्निल श्रीवास्तव |
| 246 ## - VARYING FORM OF TITLE | |
| Title proper/short title | Jindgi ka mukadama |
| Remainder of title | Svpnile Shrivastav |
| 260 ## - PUBLICATION, DISTRIBUTION, ETC. (IMPRINT) | |
| Place of publication, distribution, etc | हापुड़ |
| Name of publisher, distributor, etc | पुनर्नवा प्रकाशन |
| Date of publication, distribution, etc | 2010 |
| 270 ## - ADDRESS | |
| Address | रेवती कुंज |
| City | हापुड़ |
| Postal code | 245101 |
| 300 ## - PHYSICAL DESCRIPTION | |
| Extent | 96पृ. |
| Dimensions | 22सेमी (सजिल्द) |
| 650 ## - SUBJECT ADDED ENTRY--TOPICAL TERM | |
| 9 (RLIN) | 1159 |
| 700 ## - ADDED ENTRY--PERSONAL NAME | |
| 9 (RLIN) | 20179 |
| 942 ## - ADDED ENTRY ELEMENTS (KOHA) | |
| Source of classification or shelving scheme | Dewey Decimal Classification |
| Item type | Hindi Books |
| Classification part | 821.08 |
| Call number suffix | श्रीवास्त |
| Withdrawn status | Lost status | Source of classification or shelving scheme | Damaged status | Not for loan | Collection code | Home library | Current library | Date acquired | Source of acquisition | Cost, normal purchase price | Total Checkouts | Full call number | Barcode | Date last seen | Copy number | Cost, replacement price | Koha item type |
|---|---|---|---|---|---|---|---|---|---|---|---|---|---|---|---|---|---|
| Dewey Decimal Classification | Not For Loan | Non-fiction | D.B.Act.Division | D.B.Act.Division | 15/09/2010 | DBAD / PUB | 150.00 | 821.08 श्रीवास्त | HN-62829 | 15/09/2010 | 1 | 150.00 | Hindi Books |
